header

Berliner chic (Record no. 132755)

MARC details
000 -LEADER
fixed length control field 01384nam a2200349 a 4500
100 1# - MAIN ENTRY--AUTHOR NAME
Personal name Ingram, Susan
245 10 - TITLE STATEMENT
Title Berliner chic
260 ## - PUBLICATION, DISTRIBUTION, ETC. (IMPRINT)
Place of publication Bristol, UK :
Name of publisher Intellect ;
Place of publication Chicago, IL :
Name of publisher University of Chicago Press,
Year of publication 2011.
300 ## - PHYSICAL DESCRIPTION
Number of Pages 229 p. :
Other physical details ill.
650 #0 - SUBJECT ADDED ENTRY--TOPICAL TERM
Topical Term Fashion
Topical Term Clothing and dress
Topical Term Women designers
700 1# - ADDED ENTRY--PERSONAL NAME
Personal name Sark, Katrina.
856 40 - ELECTRONIC LOCATION AND ACCESS
Uniform Resource Identifier http://site.ebrary.com/lib/rucke/Doc?id=10465908

No items available.

© 2026 Rongo University
Contact us: librarian | system librarian | Rongo university